Louis Khan (Record no. 66801)

MARC details
000 -LEADER
fixed length control field 00265nam a22001217a 4500
005 - DATE AND TIME OF LATEST TRANSACTION
control field 20251003115155.0
008 - FIXED-LENGTH DATA ELEMENTS--GENERAL INFORMATION
fixed length control field 251003b |||||||| |||| 00| 0 eng d
040 ## - CATALOGING SOURCE
Transcribing agency PK-LaNCA
082 ## - DEWEY DECIMAL CLASSIFICATION NUMBER
Classification number 920
Item number LOU
245 ## - TITLE STATEMENT
Title Louis Khan
650 ## - SUBJECT ADDED ENTRY--TOPICAL TERM
Subject Architecture
942 ## - ADDED ENTRY ELEMENTS (KOHA)
Koha item type Book
999 ## -
-- 66801
-- 66801
Holdings
Withdrawn status Weedout from Library Permanent Location Current Location Date acquired Full call number Barcode Price effective from Koha item type
    NATIONAL COLLEGE OF ARTS, RAWALPINDI CAMPUS - LIBRARY NATIONAL COLLEGE OF ARTS, RAWALPINDI CAMPUS - LIBRARY 03/10/2025 LOU 920 RP006178 RP006178 03/10/2025 Book